[Event "Open Semana Santa 2023"]
[Site "?"]
[Date "2023.04.05"]
[Round "1.1"]
[White "GM Moussard, Jules"]
[Black "Robledo Sanchez, Saul"]
[Result "1-0"]
[WhiteElo "2667"]
[BlackElo "1931"]
[PlyCount "59"]

1. Nf3 Nf6 2. g3 e6 3. Bg2 d5 4. O-O Be7 5. c4 O-O 6. b3 c5 7. cxd5 exd5 8. d4
cxd4 9. Nxd4 Nc6 10. Nc3 Bc5 11. Be3 Qa5 12. Nxc6 bxc6 13. Bxc5 Qxc5 14. Na4
Qd6 15. Qd4 Re8 16. e3 Be6 17. Rac1 Nd7 18. Nc5 Nxc5 19. Rxc5 Qd7 20. Rfc1 Rac8
21. Qc3 g6 22. Rxc6 Rxc6 23. Qxc6 Qxc6 24. Rxc6 Rd8 25. h4 Rd7 26. Bf3 h5 27.
Kf1 Kg7 28. Ke2 Kf6 29. Kd3 Ke5 30. Bg2 1-0

[Event "Open Semana Santa 2023"]
[Site "?"]
[Date "2023.04.05"]
[Round "1.2"]
[White "Roquero Redondo, Miguel"]
[Black "GM Chigaev, Maksim"]
[Result "1/2-1/2"]
[WhiteElo "1924"]
[BlackElo "2617"]
[Annotator "Usuario"]
[PlyCount "105"]

1. e4 c5 2. Nf3 d6 3. d4 cxd4 4. Nxd4 Nf6 5. Nc3 a6 6. Bg5 e6 7. f4 h6 8. Bh4
Nbd7 9. Qf3 e5 10. Nf5 exf4 11. Qxf4 g5 12. Nxd6+ Bxd6 13. Qxd6 gxh4 14. e5
Nxe5 15. Qxe5+ Qe7 16. Qxe7+ Kxe7 17. O-O-O Rg8 18. Nd5+ Nxd5 19. Rxd5 Rg5 20.
Rd4 Rg4 21. Rxg4 Bxg4 22. Be2 Rg8 23. Bxg4 $11 Rxg4 24. Re1+ Kf6 25. Re2 b5 26.
Kd2 Kg5 27. Ke3 f5 28. Rd2 h3 29. g3 Re4+ 30. Kf3 Re1 31. c3 Rf1+ 32. Rf2 Ra1
33. a3 a5 34. Rd2 a4 35. Kf2 Rh1 36. Ke3 h5 37. Kf3 Rf1+ 38. Ke2 Rg1 39. Kf3
Rh1 40. Ke3 h4 41. gxh4+ Kxh4 42. Kf3 Rf1+ 43. Ke2 Rg1 44. Kf3 Rf1+ 45. Ke2 Rb1
46. Kf3 Kg5 47. Kg3 Rg1+ 48. Kf3 Rf1+ 49. Kg3 Rb1 50. Kf3 Kf6 51. Kg3 Kg5 52.
Kf3 Rh1 53. Kg3 $11 1/2-1/2

[Event "Open Semana Santa 2023"]
[Site "?"]
[Date "2023.04.05"]
[Round "1.3"]
[White "GM Yuffa, Daniil"]
[Black "Alvarez Morales, Miguel"]
[Result "1-0"]
[WhiteElo "2602"]
[BlackElo "1924"]
[PlyCount "47"]

1. d4 Nf6 2. c4 e6 3. g3 c5 4. d5 exd5 5. cxd5 b5 6. e4 Nxe4 7. Qe2 Qe7 8. Bg2
Nd6 9. Be3 b4 10. Bxc5 Na6 11. Bxd6 Qxe2+ 12. Nxe2 Bxd6 13. Nd2 Bb7 14. Nc4 Be7
15. Na5 Bc8 16. d6 Bd8 17. Bxa8 Bxa5 18. O-O O-O 19. Rfc1 Nb8 20. Nf4 Ba6 21.
Nd5 Bd3 22. Ne7+ Kh8 23. Rc8 Rxc8 24. Nxc8 1-0

[Event "Open Semana Santa 2023"]
[Site "?"]
[Date "2023.04.05"]
[Round "1.4"]
[White "Kita Ruiz, Ichiro"]
[Black "GM Mendonca, Leon Luke"]
[Result "0-1"]
[WhiteElo "1919"]
[BlackElo "2596"]
[PlyCount "70"]

1. c4 b6 2. g3 Bb7 3. Nf3 c5 4. Bg2 g6 5. Nc3 Bg7 6. O-O Nf6 7. e3 O-O 8. d4
Ne4 9. Nxe4 Bxe4 10. d5 d6 11. Nh4 Bxg2 12. Kxg2 Nd7 13. Rb1 Rb8 14. Qe2 b5 15.
cxb5 Qa5 16. b3 Qxb5 17. Qc2 c4 18. e4 Nc5 19. Be3 cxb3 20. axb3 a5 21. Bxc5
Rfc8 22. Nf3 Rxc5 23. Qa2 Qb4 24. Nd2 Rbc8 25. Rbd1 Bh6 26. Nf3 Qxe4 27. Rfe1
Qf5 28. Qb1 Qxb1 29. Rxb1 Kf8 30. Red1 Rb8 31. Nd4 Rxd5 32. Nc6 Rxd1 33. Rxd1
Rb5 34. f4 Bg7 35. Rd3 Ke8 0-1

[Event "Open Semana Santa 2023"]
[Site "?"]
[Date "2023.04.05"]
[Round "1.5"]
[White "GM Jacobson, Brandon"]
[Black "Bascunana Sanchez, Pablo"]
[Result "1-0"]
[WhiteElo "2556"]
[BlackElo "1918"]
[PlyCount "47"]

1. d4 Nf6 2. c4 g6 3. Nc3 Bg7 4. e4 d6 5. Be2 O-O 6. Be3 e5 7. d5 a5 8. h4 h5
9. f3 Na6 10. Nh3 Nc5 11. Nf2 Qe8 12. g4 Bd7 13. Qd2 Kh7 14. O-O-O Ra6 15. Rdg1
Rb6 16. Nd3 Nxd3+ 17. Bxd3 Ra6 18. Ne2 b5 19. Ng3 hxg4 20. h5 Kg8 21. h6 Bh8
22. h7+ Kg7 23. Bh6+ Kxh7 24. Bg7+ 1-0

[Event "Open Semana Santa 2023"]
[Site "?"]
[Date "2023.04.05"]
[Round "1.6"]
[White "Suarez Hernan, Santiago"]
[Black "GM Cuenca Jimenez, Jose Fernando"]
[Result "1/2-1/2"]
[WhiteElo "1917"]
[BlackElo "2553"]
[PlyCount "201"]
[EventDate "2023.??.??"]

1. d4 Nf6 2. c4 g6 3. Nc3 Bg7 4. e4 d6 5. h3 O-O 6. Be3 c5 7. Nf3 Qa5 8. Bd3
Nc6 9. O-O Nd7 10. Be2 e5 11. dxc5 dxc5 12. Nd2 Nd4 13. Nd5 Qd8 14. a3 f5 15.
f3 f4 16. Bf2 Bf6 17. b4 Bh4 18. Nb3 b6 19. Nc1 Bg3 20. Bd3 Qh4 21. Ra2 Rf7 22.
Ne2 Bxf2+ 23. Rxf2 Ne6 24. Nec3 Ndf8 25. Bf1 Qd8 26. Rfd2 Nd4 27. Kh1 Nfe6 28.
Ne2 Qd6 29. Nc1 g5 30. Nd3 h5 31. Be2 Kg7 32. Kg1 Bd7 33. Nf2 Rh8 34. Rd3 Rh6
35. Rb2 Kh7 36. Rbd2 Rg7 37. Qf1 Rhg6 38. Bd1 Nd8 39. Kh1 Nf7 40. Rb2 Nh6 41.
Rbd2 Kg8 42. Rb2 Nf7 43. Rbd2 Rh7 44. Kg1 Nd8 45. Rb2 Nb7 46. Rbd2 Be6 47. Rb2
Kh8 48. Rc3 Rhh6 49. Qe1 Rg7 50. Qf1 Nd8 51. Rd3 N8c6 52. Qe1 Rgg6 53. Rc3 Bc8
54. Rd3 Be6 55. Rc3 Rg7 56. Rd3 Nb8 57. Rc3 Nd7 58. Rd3 Rg8 59. Rc3 Qf8 60. Nc7
Bf7 61. Nd5 Qd6 62. Qf1 Be6 63. Qe1 Rg7 64. Qf1 Kh7 65. Qe1 Nf8 66. Qf1 Bc8 67.
Qe1 Nfe6 68. Qf1 Bd7 69. Qe1 Kh8 70. Qf1 Qb8 71. Qe1 Qf8 72. Qf1 Rg8 73. Qe1
Qg7 74. Qf1 Bc8 75. Rd2 Qh7 76. Qe1 Nf8 77. Rb2 g4 78. fxg4 hxg4 79. hxg4 cxb4
80. axb4 Nfe6 81. Rh3 Ng5 82. Rxh6 Qxh6 83. Qc3 Rg7 84. Nxf4 Qh4 85. N4h3 Nge6
86. c5 b5 87. Bf3 Rf7 88. Rd2 Qg3 89. Rd3 Bb7 90. Bd1 Qh4 91. Qd2 Kg7 92. Bb3
Nxb3 93. Rxb3 Nd4 94. Rd3 Kg6 95. Rc3 Qf6 96. Qe3 a5 97. bxa5 b4 98. Rc1 b3 99.
Rb1 Ba6 100. Rxb3 Nxb3 101. Qxb3 1/2-1/2

[Event "Open Semana Santa 2023"]
[Site "?"]
[Date "2023.04.05"]
[Round "1.7"]
[White "GM Postny, Evgeny"]
[Black "Candela Martin, Alvaro"]
[Result "1-0"]
[WhiteElo "2548"]
[BlackElo "1917"]
[PlyCount "57"]

1. d4 d5 2. c4 e6 3. Nf3 c6 4. e3 f5 5. Be2 Nf6 6. O-O Bd6 7. b3 Qe7 8. a4 O-O
9. Ba3 Bxa3 10. Nxa3 Nbd7 11. Nc2 a5 12. Nce1 Ne4 13. Nd3 Ndf6 14. Nfe5 Nc3 15.
Qc2 Nxe2+ 16. Qxe2 Bd7 17. Rfb1 Rfb8 18. Qe1 Be8 19. c5 b6 20. b4 Qc7 21. cxb6
Rxb6 22. bxa5 Rxa5 23. Rxb6 Qxb6 24. Nc5 Qa7 25. Qb4 Ne4 26. Nb7 Rb5 27. Qe7
Qa8 28. Nd8 Nf6 29. Nxe6 1-0

[Event "Open Semana Santa 2023"]
[Site "?"]
[Date "2023.04.05"]
[Round "1.8"]
[White "Ontanon Gomez, Jesus"]
[Black "GM Sosa, Tomas"]
[Result "0-1"]
[WhiteElo "1917"]
[BlackElo "2544"]
[PlyCount "86"]

1. e4 c5 2. Nf3 d6 3. d4 cxd4 4. Nxd4 Nf6 5. Nc3 Nc6 6. Bg5 g6 7. Qd2 Bg7 8.
Nxc6 bxc6 9. Bc4 h6 10. Be3 Ng4 11. O-O Nxe3 12. Qxe3 Qb6 13. Qxb6 axb6 14. Nd1
b5 15. Bd3 Be6 16. a3 b4 17. a4 O-O 18. c3 bxc3 19. Nxc3 Rfb8 20. Rfb1 Rxb2 21.
Rxb2 Bxc3 22. Rba2 Bxa1 23. Rxa1 Ra5 24. Bc2 f5 25. f3 Kf7 26. Kf2 Kf6 27. Ke3
c5 28. g3 Bd7 29. Bb3 Bc6 30. Bc2 fxe4 31. fxe4 Ke5 32. Ra3 g5 33. Ra1 e6 34.
Ra3 d5 35. exd5 exd5 36. Kd2 d4 37. Ra1 c4 38. Re1+ Kd6 39. Rf1 Kc5 40. Rf6
Bxa4 41. Rxh6 c3+ 42. Kc1 Bxc2 43. Kxc2 Ra2+ 0-1

[Event "Open Semana Santa 2023"]
[Site "?"]
[Date "2023.04.05"]
[Round "1.9"]
[White "GM Dvirnyy, Danyyil"]
[Black "Segura Marsa, Andres"]
[Result "1-0"]
[WhiteElo "2541"]
[BlackElo "1916"]
[PlyCount "63"]

1. e4 c5 2. Nf3 Nc6 3. d4 cxd4 4. Nxd4 g6 5. c4 Nf6 6. Nc3 d6 7. Be2 Nxd4 8.
Qxd4 Bg7 9. Be3 O-O 10. Qd2 a5 11. O-O a4 12. Rad1 Qa5 13. Bd4 Bd7 14. f4 Bc6
15. Qe3 Nd7 16. Bxg7 Kxg7 17. Kh1 Qc5 18. Qd2 Nb6 19. Nd5 Bxd5 20. exd5 Rfc8
21. Rc1 Nd7 22. Bg4 Rc7 23. Bxd7 Rxd7 24. f5 f6 25. h4 Qc8 26. Rf4 Rc7 27. Re1
Qf8 28. Re6 Kf7 29. Qe3 Qh6 30. fxg6+ Qxg6 31. Rfe4 Re8 32. c5 1-0

[Event "Open Semana Santa 2023"]
[Site "?"]
[Date "2023.04.05"]
[Round "1.10"]
[White "Arce Gonzalez, Dario"]
[Black "GM Maurizzi, Marc`andria"]
[Result "0-1"]
[WhiteElo "1908"]
[BlackElo "2236"]
[PlyCount "68"]

1. d4 d5 2. c4 e6 3. Nf3 a6 4. g3 dxc4 5. Bg2 b5 6. O-O Bb7 7. b3 cxb3 8. Qxb3
Nf6 9. Bb2 Nbd7 10. a4 b4 11. a5 c5 12. Nbd2 Bd5 13. Qc2 Rc8 14. e4 cxd4 15.
Qd3 Nc5 16. Qxd4 Ncxe4 17. Nxe4 Bxe4 18. Rfe1 Qxd4 19. Bxd4 Be7 20. Rac1 Rxc1
21. Rxc1 O-O 22. Bxf6 Bxf6 23. Rc4 Bxf3 24. Bxf3 b3 25. Rb4 b2 26. Be4 g6 27.
Kg2 Rd8 28. Rb6 Rd1 29. Kf3 Ra1 30. Ke2 Rxa5 31. Kd2 Ra1 32. f3 a5 33. Kc2 Rc1+
34. Kd2 a4 0-1

[Event "Open Semana Santa 2023"]
[Site "?"]
[Date "2023.04.05"]
[Round "1.11"]
[White "IM Iermito, Sebastian"]
[Black "Sanjuan Segura, Ignacio"]
[Result "1-0"]
[WhiteElo "2533"]
[BlackElo "1902"]
[PlyCount "53"]

1. e4 e6 2. d4 d5 3. Nd2 c5 4. Ngf3 cxd4 5. Nxd4 Nc6 6. Bb5 Bd7 7. Nxc6 bxc6 8.
Bd3 Bd6 9. Qe2 Qc7 10. Nf3 e5 11. exd5 cxd5 12. Nxe5 Bxe5 13. f4 Ne7 14. Qxe5
Qxe5+ 15. fxe5 Ng6 16. O-O O-O 17. Bf4 Rfe8 18. Rae1 Nxf4 19. Rxf4 f6 20. Rd4
Bc6 21. e6 Re7 22. c4 Rd8 23. b4 Bb7 24. b5 Rd6 25. c5 Rdxe6 26. Rxe6 Rxe6 27.
c6 1-0

[Event "Open Semana Santa 2023"]
[Site "?"]
[Date "2023.04.05"]
[Round "1.12"]
[White "Lizzul Coppe, Mirko"]
[Black "GM Almeida Quintana, Omar"]
[Result "0-1"]
[WhiteElo "1902"]
[BlackElo "2526"]
[PlyCount "96"]

1. e4 g6 2. d4 Bg7 3. Nc3 d6 4. Be3 a6 5. h4 h6 6. Qd2 b5 7. a3 Bb7 8. O-O-O
Nd7 9. h5 g5 10. d5 c5 11. dxc6 Bxc6 12. Nge2 Rc8 13. Nd4 Bb7 14. f3 Be5 15.
Be2 Ngf6 16. Rdg1 Nc5 17. Kb1 Ne6 18. Rd1 Qc7 19. Nxe6 fxe6 20. Bd4 Bxd4 21.
Qxd4 Qc5 22. e5 Qxd4 23. Rxd4 dxe5 24. Rd2 g4 25. fxg4 Rg8 26. Re1 e4 27. Bd1
Rc4 28. Be2 Rc5 29. Bd1 a5 30. Rd4 Bc6 31. Nxe4 Nxe4 32. Rdxe4 Bxe4 33. Rxe4
Rgg5 34. Bf3 Rge5 35. Rd4 Re1+ 36. Rd1 Rxd1+ 37. Bxd1 Kf7 38. Kc1 Kf6 39. Bf3
Ke5 40. Kd2 Kf4 41. b4 axb4 42. axb4 Rc8 43. Be2 Rd8+ 44. Kc3 Rb8 45. Kd4 e5+
46. Kc5 e4 47. c4 Ke3 48. Bd1 Kd2 0-1

[Event "Open Semana Santa 2023"]
[Site "?"]
[Date "2023.04.05"]
[Round "1.13"]
[White "GM Brunello, Sabino"]
[Black "Paragua, Megan Althea"]
[Result "1-0"]
[WhiteElo "2510"]
[BlackElo "1900"]
[PlyCount "95"]

1. c4 Nf6 2. g3 e6 3. Nf3 d5 4. Bg2 Be7 5. O-O O-O 6. b3 b6 7. Bb2 Bb7 8. e3
Nbd7 9. Nc3 c5 10. Qe2 a6 11. Rfd1 Rc8 12. cxd5 exd5 13. d4 Qc7 14. dxc5 bxc5
15. Nh4 Rfe8 16. Bxd5 Nxd5 17. Nxd5 Bxd5 18. Rxd5 Bxh4 19. gxh4 Re4 20. Qf3
Rxh4 21. Qg3 Qxg3+ 22. hxg3 Nb6 23. Rg5 Rh6 24. Rxg7+ Kf8 25. Rd1 Ke7 26. Kg2
Rcc6 27. Rg5 Nd7 28. Rc1 Rhg6 29. Rh5 h6 30. Ba3 Rg5 31. Rh4 a5 32. Ra4 Ra6 33.
Rac4 Rc6 34. e4 Re5 35. Ra4 Rd6 36. Rxa5 Rc6 37. Rc4 f5 38. exf5 Rxf5 39. Ra7
Ke6 40. b4 Ne5 41. Rxc5 Rxc5 42. bxc5 Nd3 43. f4 Nxc5 44. Bxc5 Rxc5 45. Ra6+
Kf5 46. Rxh6 Rc2+ 47. Kh3 Rxa2 48. Rh5+ 1-0

[Event "Open Semana Santa 2023"]
[Site "?"]
[Date "2023.04.05"]
[Round "1.14"]
[White "Demirkol, Kerim Calvelo"]
[Black "GM Sumets, Andrey"]
[Result "0-1"]
[WhiteElo "1897"]
[BlackElo "2506"]
[PlyCount "78"]

1. d4 Nf6 2. c4 e6 3. Nf3 d5 4. g3 c6 5. Bg2 Nbd7 6. O-O dxc4 7. a4 a5 8. Qc2
b5 9. b3 cxb3 10. Qxc6 Ra6 11. Qc3 b4 12. Qxb3 Bb7 13. Bg5 Be7 14. Nbd2 O-O 15.
Rfc1 h6 16. Bxf6 Nxf6 17. Qd3 Qa8 18. Ne1 Nd5 19. Ne4 Rc6 20. Nc5 Bxc5 21. Bxd5
exd5 22. dxc5 Ba6 23. Qxd5 Bxe2 24. Nf3 Rd8 25. Qe4 Bxf3 26. Qxf3 Rxc5 27. Qxa8
Rxc1+ 28. Rxc1 Rxa8 29. Kf1 Re8 30. Rc5 Rb8 31. Rc2 g5 32. Ke2 b3 33. Rb2 Rb4
34. h3 Kg7 35. f3 h5 36. Kd2 Kg6 37. Kd3 h4 38. gxh4 gxh4 39. Ke3 Kf5 0-1

[Event "Open Semana Santa 2023"]
[Site "?"]
[Date "2023.04.05"]
[Round "1.15"]
[White "GM Xu, Yi"]
[Black "WFM Yastrebova, Tatiana"]
[Result "1-0"]
[WhiteElo "2505"]
[BlackElo "1896"]
[PlyCount "45"]

1. e4 d6 2. d4 Nf6 3. Nc3 g6 4. Be3 Bg7 5. Qd2 Ng4 6. Bg5 h6 7. Bh4 O-O 8. h3
Nf6 9. f4 c6 10. Bd3 Na6 11. Nf3 Nb4 12. Be2 a5 13. a3 Na6 14. e5 Nh7 15. Bd3
dxe5 16. fxe5 g5 17. Bf2 Nc7 18. Be3 Be6 19. h4 g4 20. Ng5 f5 21. Nxe6 Nxe6 22.
Bc4 Qc8 23. Na4 1-0

[Event "Open Semana Santa 2023"]
[Site "?"]
[Date "2023.04.05"]
[Round "1.16"]
[White "Blazquez Sanz, Oscar"]
[Black "IM Tiglon, Bryce"]
[Result "0-1"]
[WhiteElo "1896"]
[BlackElo "2502"]
[PlyCount "68"]

1. e4 c5 2. Nf3 d6 3. d4 cxd4 4. Nxd4 Nf6 5. Nc3 a6 6. Be3 e5 7. Nb3 Be7 8. f3
Be6 9. Qd2 O-O 10. O-O-O Nbd7 11. g4 b5 12. g5 b4 13. Nd5 Nxd5 14. exd5 Bf5 15.
h4 a5 16. Bd3 Bxd3 17. Qxd3 f5 18. f4 a4 19. Nd2 Qc7 20. Qc4 Qb8 21. Kb1 Rc8
22. Qd3 e4 23. Qe2 Qc7 24. Rc1 a3 25. bxa3 Rxa3 26. Bd4 Nb6 27. g6 Nxd5 28.
gxh7+ Kh8 29. Bxg7+ Kxg7 30. Rhg1+ Kf6 31. Qh5 Nc3+ 32. Kb2 Rxa2+ 33. Kb3 Ra3+
34. Kb2 Na4+ 0-1

[Event "Open Semana Santa 2023"]
[Site "?"]
[Date "2023.04.05"]
[Round "1.17"]
[White "GM Arizmendi Martinez, Julen Luis"]
[Black "Camarillas Castellano, Pau"]
[Result "1-0"]
[WhiteElo "2494"]
[BlackElo "1891"]
[PlyCount "73"]

1. d4 Nf6 2. c4 g6 3. Nf3 Bg7 4. e3 O-O 5. Be2 c6 6. Nc3 d5 7. O-O Bf5 8. cxd5
cxd5 9. Qb3 b6 10. Ne5 Be6 11. f3 Bc8 12. Bd2 Bb7 13. Rfc1 Nc6 14. Nxc6 Bxc6
15. Ba6 Qd7 16. Nb5 Ne8 17. Rc3 f5 18. Rac1 Rf6 19. e4 fxe4 20. fxe4 Kh8 21. e5
Re6 22. a4 h6 23. Qc2 Bb7 24. Bxb7 Qxb7 25. Rc8 a6 26. Rxa8 Qxa8 27. Qc8 Qxc8
28. Rxc8 axb5 29. Rxe8+ Kh7 30. axb5 h5 31. Bg5 Bh6 32. h4 Kg7 33. Rd8 Bxg5 34.
hxg5 Kf7 35. Kf2 Kg7 36. Rxd5 Kf7 37. Rd8 1-0

[Event "Open Semana Santa 2023"]
[Site "?"]
[Date "2023.04.13"]
[Round "1.18"]
[White "Alonso Perez, Alfredo"]
[Black "IM Chen, Qi B"]
[Result "0-1"]
[WhiteElo "1891"]
[BlackElo "2493"]
[PlyCount "54"]

1. d4 Nf6 2. Bf4 g6 3. Nc3 d5 4. e3 Bg7 5. Nf3 O-O 6. h4 c5 7. Qd2 Nc6 8. O-O-O
Qa5 9. Kb1 Bf5 10. a3 Rac8 11. Ne5 Rfd8 12. Nxc6 Rxc6 13. Nxd5 Qxd2 14. Nxf6+
Bxf6 15. Rxd2 cxd4 16. Bb5 Rb6 17. a4 e5 18. Bg5 Bxg5 19. hxg5 d3 20. cxd3 a6
21. Bc4 Rb4 22. g4 Bxg4 23. Rc1 Bf5 24. a5 Ra4 25. b3 Rxa5 26. Ra2 Rxa2 27.
Kxa2 b5 0-1

[Event "Open Semana Santa 2023"]
[Site "?"]
[Date "2023.04.05"]
[Round "1.19"]
[White "GM Solodovnichenko, Yuri"]
[Black "Palomo Monserrat, Lorenzo"]
[Result "1-0"]
[WhiteElo "2489"]
[BlackElo "1890"]
[PlyCount "105"]

1. e4 c5 2. Nf3 d6 3. Bb5+ Nd7 4. a4 g6 5. O-O Bg7 6. Re1 Ngf6 7. a5 a6 8. Bf1
O-O 9. Nc3 b5 10. axb6 Nxb6 11. d4 cxd4 12. Nxd4 Bb7 13. Nb3 Qc7 14. Na5 Bc8
15. Be3 Ng4 16. Bd4 d5 17. e5 Nxe5 18. Bxb6 Qxb6 19. Nxd5 Qd6 20. c4 Rb8 21. b3
Be6 22. Nf4 Rfd8 23. Qxd6 Rxd6 24. c5 Rd7 25. Nxe6 fxe6 26. Rac1 Rc7 27. Re4
Nc6 28. Nxc6 Rxc6 29. Bc4 Kf8 30. Bxe6 Bb2 31. Rf4+ Kg7 32. Re1 Rf8 33. Rc4 Rd8
34. Bg4 e5 35. Bf3 Rc7 36. c6 Rb8 37. Rb1 Bd4 38. Ra4 Rb6 39. Kf1 Kf6 40. Be4
Ke6 41. Ke2 Kd6 42. f3 Ke6 43. Kd3 Kd6 44. Kc4 Ra7 45. Ra5 Rb5 46. b4 Kc7 47.
f4 Kb6 48. Rb3 Rf7 49. g3 Re7 50. Rba3 Ra7 51. Rxa6+ Rxa6 52. Rxa6+ Kxa6 53. c7
1-0

[Event "Open Semana Santa 2023"]
[Site "?"]
[Date "2023.04.05"]
[Round "1.21"]
[White "IM Kosakowski, Jakub"]
[Black "Vicens Company, Maria Antonia"]
[Result "1-0"]
[WhiteElo "2479"]
[BlackElo "1888"]
[PlyCount "95"]

1. Nf3 d5 2. e3 c5 3. b3 Nf6 4. Bb2 a6 5. d4 e6 6. Bd3 Nc6 7. O-O Be7 8. dxc5
Bxc5 9. Nbd2 O-O 10. a3 Re8 11. e4 b5 12. Qe2 Bb7 13. e5 Nd7 14. Rfe1 Rc8 15.
Rad1 Be7 16. Qe3 b4 17. a4 Nc5 18. Bf1 Nd7 19. Bd3 Nc5 20. Be2 Nd7 21. Nf1 Bc5
22. Qf4 Be7 23. Ne3 Ncb8 24. h4 a5 25. Qg3 Nc5 26. h5 Ne4 27. Qg4 h6 28. Bb5
Bc6 29. Bd3 Nc5 30. Bf1 Nbd7 31. Qh3 Ne4 32. Nd4 Ng5 33. Qh2 Bb7 34. Nb5 Ne4
35. f3 Nc3 36. Nxc3 bxc3 37. Bc1 Qb6 38. Kh1 Ba6 39. Bxa6 Qxa6 40. Ng4 Bc5 41.
Qg3 Kh7 42. Bxh6 gxh6 43. Qf4 Bf8 44. Qxf7+ Bg7 45. Nf6+ Nxf6 46. exf6 Rg8 47.
Rxe6 Qa8 48. Re7 1-0

[Event "Open Semana Santa 2023"]
[Site "?"]
[Date "2023.04.05"]
[Round "1.22"]
[White "Perez Garcia, Saul"]
[Black "IM Garriga Cazorla, Pere"]
[Result "0-1"]
[WhiteElo "1885"]
[BlackElo "2476"]
[PlyCount "110"]

1. d4 g6 2. Nf3 Bg7 3. c4 d6 4. g3 Nd7 5. Bg2 e5 6. Nc3 Ne7 7. e4 O-O 8. O-O
exd4 9. Nxd4 Nc6 10. Nde2 Nc5 11. h3 a5 12. Be3 a4 13. Rb1 f5 14. b4 axb3 15.
axb3 Nxe4 16. Nxe4 fxe4 17. Nf4 Qe7 18. Qd5+ Kh8 19. Qxe4 Qxe4 20. Bxe4 Re8 21.
Bg2 Bf5 22. Rbc1 Nd4 23. Rcd1 c5 24. b4 Nc2 25. Bc1 cxb4 26. Rxd6 Ra6 27. Rd5
Na3 28. g4 Bc2 29. Nd3 Bc3 30. Bb2 Bb3 31. Nxb4 Bxb2 32. Nxa6 bxa6 33. Rd2 Nxc4
34. Rd3 Ba4 35. Bd5 Bb5 36. Rb1 Na3 37. Rxb2 Bxd3 38. Rb3 Bc4 39. Rxa3 Bxd5 40.
Rxa6 Rf8 41. Ra5 Ba8 42. f4 Be4 43. Kf2 Kg7 44. Ke3 Bc6 45. Rc5 Ba8 46. Ra5 Bb7
47. Rb5 Rf7 48. h4 Bc8 49. Kf3 Rb7 50. Rg5 Rb3+ 51. Ke4 h6 52. Rc5 Bxg4 53.
Rc7+ Kf6 54. Rc6+ Be6 55. Rc5 Bf5+ 0-1

[Event "Open Semana Santa 2023"]
[Site "?"]
[Date "2023.04.05"]
[Round "1.23"]
[White "IM Pijpers, Arthur"]
[Black "Bethencourt Hernandez, Alberto"]
[Result "1-0"]
[WhiteElo "2474"]
[BlackElo "1882"]
[PlyCount "55"]
[EventDate "2023.??.??"]

1. e4 c5 2. Nf3 Nc6 3. d4 cxd4 4. Nxd4 g6 5. Nc3 Bg7 6. Be3 Nf6 7. Bc4 Qa5 8.
O-O Qb4 9. Qe2 Ng4 10. Nd5 Qd6 11. Qxg4 Bxd4 12. Bh6 e6 13. Rad1 exd5 14. exd5
f5 15. Rfe1+ Kd8 16. Qe2 Ne5 17. Bg5+ Kc7 18. Rxd4 b5 19. Bf4 Re8 20. Bxe5 Rxe5
21. Qxe5 Qxe5 22. Rxe5 bxc4 23. Rxc4+ Kd6 24. Re8 Bb7 25. Rxa8 Bxa8 26. Ra4
Bxd5 27. Rxa7 Kc6 28. Ra3 1-0

[Event "Open Semana Santa 2023"]
[Site "?"]
[Date "2023.04.05"]
[Round "1.24"]
[White "Kocharyan Baghdasaryan, Arman"]
[Black "GM Movsziszian, Karen"]
[Result "0-1"]
[WhiteElo "1881"]
[BlackElo "2468"]
[PlyCount "70"]

1. e4 g6 2. d4 Bg7 3. Nc3 d6 4. g3 Nf6 5. Bg2 O-O 6. Nge2 e5 7. h3 c6 8. a4 a5
9. O-O Na6 10. Be3 Nb4 11. Qd2 Be6 12. Rad1 Bc4 13. Rfe1 Qc7 14. b3 Ba6 15. f4
Rad8 16. Nc1 Nh5 17. Qf2 exf4 18. gxf4 c5 19. N1a2 Nxa2 20. Nxa2 cxd4 21. Bxd4
Bxd4 22. Rxd4 b5 23. axb5 Bxb5 24. Red1 Rfe8 25. Qd2 Rc8 26. c4 Bc6 27. Nc3 Qb6
28. Kh2 Qxb3 29. Rb1 Qa3 30. Rxd6 Nxf4 31. Rxc6 Rxc6 32. Nb5 Qd3 33. Qxd3 Nxd3
34. Ra1 Ne5 35. Rxa5 Nxc4 0-1

[Event "Open Semana Santa 2023"]
[Site "?"]
[Date "2023.04.05"]
[Round "1.25"]
[White "IM Camacho Collados, Marcos"]
[Black "Silva Pena, Angel David"]
[Result "1-0"]
[WhiteElo "2465"]
[BlackElo "1879"]
[PlyCount "45"]
[EventDate "2023.??.??"]

1. e4 c5 2. Nf3 e6 3. d4 cxd4 4. Nxd4 Nc6 5. Nc3 Qc7 6. a3 a6 7. Be2 Nf6 8. Be3
Be7 9. O-O O-O 10. Kh1 d6 11. f4 Rd8 12. Qe1 Nxd4 13. Bxd4 b5 14. Qf2 Rf8 15.
e5 Nd7 16. exd6 Bxd6 17. Bd3 Bc5 18. Bxh7+ Kxh7 19. Qh4+ Kg8 20. Bxg7 Kxg7 21.
Qg5+ Kh7 22. Rf3 f6 23. Rh3# 1-0

[Event "Open Semana Santa 2023"]
[Site "?"]
[Date "2023.04.05"]
[Round "1.26"]
[White "Garbezza, Davide"]
[Black "IM Fernandez Guillen, Ernesto J"]
[Result "0-1"]
[WhiteElo "1879"]
[BlackElo "2461"]
[PlyCount "68"]

1. Nf3 Nf6 2. b3 d6 3. d4 g6 4. Bb2 Bg7 5. g3 O-O 6. Bg2 Ne4 7. Qc1 f5 8. O-O
Nd7 9. d5 Ndf6 10. c4 e5 11. dxe6 Bxe6 12. Nc3 Qe7 13. e3 Rae8 14. Qc2 g5 15.
Nxe4 Nxe4 16. Bxg7 Qxg7 17. Nd2 Nf6 18. Bxb7 h5 19. Nf3 c5 20. Bc6 Rc8 21. Bb5
h4 22. Rad1 Rfd8 23. Kh1 Qb7 24. e4 Nxe4 25. Kg1 a6 26. Ba4 h3 27. Ne1 d5 28.
f3 Nf6 29. Qd2 dxc4 30. Qxg5+ Kf7 31. bxc4 Bxc4 32. Rf2 Qb4 33. Rfd2 Rxd2 34.
Rxd2 Rd8 0-1

[Event "Open Semana Santa 2023"]
[Site "?"]
[Date "2023.04.05"]
[Round "1.27"]
[White "IM Murphy, Conor E"]
[Black "Aura, Kristian"]
[Result "1-0"]
[WhiteElo "2450"]
[BlackElo "1877"]
[PlyCount "63"]

1. d4 d5 2. c4 e6 3. Nf3 Nf6 4. e3 Be7 5. b3 O-O 6. Bd3 c5 7. O-O Nc6 8. Bb2
cxd4 9. exd4 b6 10. Nbd2 Bb7 11. Qe2 Rc8 12. Rad1 Qc7 13. Rfe1 Rfd8 14. a3 Rd7
15. Nf1 Na5 16. Ne5 Rdd8 17. Nd2 Bd6 18. c5 Bxe5 19. dxe5 Nd7 20. b4 Nc4 21.
Bxc4 dxc4 22. Nxc4 bxc5 23. Nd6 Rb8 24. Qh5 Rf8 25. Rd3 f5 26. Rh3 h6 27. Qg6
Kh8 28. Rxh6+ gxh6 29. Qxh6+ Kg8 30. Qg6+ Kh8 31. Re3 Nf6 32. exf6 1-0

[Event "Open Semana Santa 2023"]
[Site "?"]
[Date "2023.04.05"]
[Round "1.28"]
[White "Deusa Ballesteros, Luis Miguel"]
[Black "IM Plazuelo Pascual, Juan"]
[Result "0-1"]
[WhiteElo "1873"]
[BlackElo "2449"]
[PlyCount "60"]

1. d4 d5 2. c4 e6 3. Nf3 a6 4. e3 Nf6 5. a3 b6 6. Nc3 Bb7 7. cxd5 exd5 8. Be2
Bd6 9. O-O O-O 10. b3 Nbd7 11. Bb2 Re8 12. h3 Qe7 13. Re1 Nf8 14. Bf1 c5 15.
Rc1 Rac8 16. a4 Ne6 17. Ne5 Nd7 18. Nf3 Nf6 19. Ne5 Red8 20. f4 Qf8 21. Qd2
cxd4 22. exd4 Nxd4 23. Qd1 Nf5 24. Qd3 Ne4 25. Nxe4 dxe4 26. Qb1 Bc5+ 27. Kh2
Be3 28. Rxc8 Bxf4+ 29. Kg1 Rxc8 30. Bc4 Qc5+ 0-1

[Event "Open Semana Santa 2023"]
[Site "?"]
[Date "2023.04.05"]
[Round "1.29"]
[White "GM Stella, Andrea"]
[Black "Demerson Joly, Javier"]
[Result "1-0"]
[WhiteElo "2447"]
[BlackElo "1863"]
[PlyCount "67"]

1. d4 d5 2. c4 dxc4 3. Nf3 Nf6 4. e3 Bg4 5. Bxc4 e6 6. h3 Bh5 7. Nc3 Be7 8. g4
Bg6 9. Ne5 Nbd7 10. Nxg6 hxg6 11. e4 c6 12. Bb3 Nb6 13. Be3 Bb4 14. Qf3 Qd7 15.
a3 Bxc3+ 16. bxc3 O-O-O 17. a4 Qe8 18. a5 Na8 19. a6 b6 20. g5 Ng8 21. d5 exd5
22. exd5 Ne7 23. dxc6 Qxc6 24. Qxc6+ Nxc6 25. Bxf7 Ne5 26. Be6+ Nd7 27. Bg4 Kb8
28. O-O Nc7 29. Bd4 Rhg8 30. Rfd1 Nb5 31. Be3 Kc8 32. c4 Nc7 33. c5 bxc5 34.
Bxc5 1-0

[Event "Open Semana Santa 2023"]
[Site "?"]
[Date "2023.04.05"]
[Round "1.30"]
[White "Gonzalez Lopez, Lucas I"]
[Black "GM Moskalenko, Viktor"]
[Result "0-1"]
[WhiteElo "1862"]
[BlackElo "2443"]
[PlyCount "50"]

1. d4 g6 2. c4 Bg7 3. e4 d6 4. Nc3 e5 5. Nf3 Nc6 6. d5 Nce7 7. Bd3 h6 8. Bd2 f5
9. Qc2 Nf6 10. O-O-O O-O 11. Kb1 a6 12. h3 c6 13. dxc6 Nxc6 14. a3 Nd4 15. Qc1
Nb3 16. Qc2 Nc5 17. Ka1 b5 18. cxb5 axb5 19. Bxb5 Be6 20. Nd5 fxe4 21. Nxf6+
Qxf6 22. Nh2 Nb3+ 23. Kb1 Nd4 24. Ng4 Qf7 25. Nxh6+ Bxh6 0-1